| 000 | 00388nam a22001457a 4500 | ||
|---|---|---|---|
| 005 | 20200608114350.0 | ||
| 008 | 200608b xxu||||| |||| 00| 0 eng d | ||
| 082 | _a345.4 | ||
| 110 |
_aALL INDIA REPORTER _95859 |
||
| 245 | _aALL INDIA REPORTER , 2009 (V-96) ALLAHABAD SECTION | ||
| 260 |
_aMUMBAI _bALL INDIA REPORTER , PVT. LTD |
||
| 300 | _a288;p | ||
| 650 |
_aLAW _95701 |
||
| 942 | _cJRL | ||
| 999 |
_c6923 _d6921 |
||